MARC details
| 000 -CABECERA |
| campo de control de longitud fija |
02779cam a2200613 a 4500 |
| 003 - IDENTIFICADOR DEL NÚMERO DE CONTROL |
| campo de control |
CHAP |
| 005 - FECHA Y HORA DE LA ÚLTIMA TRANSACCIÓN |
| campo de control |
20220329142939.0 |
| 008 - DATOS DE LONGITUD FIJA--INFORMACIÓN GENERAL |
| campo de control de longitud fija |
050404d2004 mx 00010 spa d |
| 010 ## - NÚMERO DE CONTROL DE LA BIBLIOTECA DEL CONGRESO |
| Número de control de LC |
89970 |
| 011 ## - ENLACE DEL NUMERO DE CONTROL DE LA BIBLIOTECA DEL CONGRESO [OBSOLETO] |
| Número de control de LC |
90942 |
| 020 ## - NÚMERO INTERNACIONAL ESTÁNDAR DEL LIBRO |
| Número Internacional Estándar del Libro |
9701334248 |
| 035 ## - NÚMERO DE CONTROL DEL SISTEMA |
| Número de control de sistema |
101499 |
| 040 ## - FUENTE DE LA CATALOGACIÓN |
| Centro/agencia transcriptor |
CHAP |
| 090 ## - LOCALMENTE ASIGNADO TIPO-LC NÚMERO DE CLASIFICACIÓN (OCLC); NÚMERO DE CLASIFICACIÓN LOCAL (RLIN) |
| Número de clasificación (OCLC) (R) ; Numero de clasificación, CALL (RLIN) (NR) |
CD-163 |
| 110 2# - ENTRADA PRINCIPAL--NOMBRE DE ENTIDAD CORPORATIVA |
| Nombre de entidad corporativa o nombre de jurisdicción como elemento de entrada |
Instituto Nacional de Estadística, Geografía e Informática. México |
| 9 (RLIN) |
59304 |
| 245 10 - MENCIÓN DE TÍTULO |
| Título |
Sistema para la consulta del anuario estadístico del estado de... (disco compacto) |
| Mención de responsabilidad, etc. |
/por Instituto Nacional de Estadística, Geografía e Informática |
| 260 ## - PUBLICACIÓN, DISTRIBUCIÓN, ETC. |
| Lugar de publicación, distribución, etc. |
Aguascalientes, Ags. : |
| Nombre del editor, distribuidor, etc. |
Instituto Nacional de Estadística, Geografía e Informática, |
| Fecha de publicación, distribución, etc. |
2004. |
| 300 ## - DESCRIPCIÓN FÍSICA |
| Extensión |
discos compactos |
| Dimensiones |
4 3/4 plgs. |
| 500 ## - NOTA GENERAL |
| Nota general |
La biblioteca tiene: Campeche. -- Coahuila. -- Durango. -- Guanajuato. -- Guerrero. -- Hidalgo, Michoacán de Ocampo. -- Nayarit. -- Tlaxcala. -- Veracruz de Igancio de la Llave. -- Yucatán. -- Zacatecas |
| 590 ## - NOTA LOCAL (RLIN) |
| Nota local |
BATCH-UPD |
| Procedencia (VM) [OBSOLETO] |
10 |
| Condición del los carretes individuales (VM) [OBSOLETO] |
20130109 |
| -- |
UCH01 |
| -- |
2350 |
| 590 ## - NOTA LOCAL (RLIN) |
| Nota local |
BATCH-UPD |
| Procedencia (VM) [OBSOLETO] |
10 |
| Condición del los carretes individuales (VM) [OBSOLETO] |
20130110 |
| -- |
UCH01 |
| -- |
0934 |
| 590 ## - NOTA LOCAL (RLIN) |
| Nota local |
BATCH-UPD |
| Procedencia (VM) [OBSOLETO] |
10 |
| Condición del los carretes individuales (VM) [OBSOLETO] |
20130409 |
| -- |
UCH01 |
| -- |
1921 |
| 590 ## - NOTA LOCAL (RLIN) |
| Nota local |
BATCH-UPD |
| Procedencia (VM) [OBSOLETO] |
10 |
| Condición del los carretes individuales (VM) [OBSOLETO] |
20130410 |
| -- |
UCH01 |
| -- |
0552 |
| 590 ## - NOTA LOCAL (RLIN) |
| Nota local |
BATCH-UPD |
| Procedencia (VM) [OBSOLETO] |
10 |
| Condición del los carretes individuales (VM) [OBSOLETO] |
20130815 |
| -- |
UCH01 |
| -- |
0201 |
| 590 ## - NOTA LOCAL (RLIN) |
| Nota local |
BATCH-UPD |
| Procedencia (VM) [OBSOLETO] |
10 |
| Condición del los carretes individuales (VM) [OBSOLETO] |
20130914 |
| -- |
UCH01 |
| -- |
0858 |
| 590 ## - NOTA LOCAL (RLIN) |
| Nota local |
CONVERSION |
| Procedencia (VM) [OBSOLETO] |
10 |
| Condición del los carretes individuales (VM) [OBSOLETO] |
20130109 |
| -- |
UCH01 |
| -- |
1350 |
| 650 14 - PUNTO DE ACCESO ADICIONAL DE MATERIA--TÉRMINO DE MATERIA |
| Término de materia o nombre geográfico como elemento de entrada |
Campeche |
| Subdivisión general |
Estadísticas. |
| 9 (RLIN) |
17986 |
| 650 14 - PUNTO DE ACCESO ADICIONAL DE MATERIA--TÉRMINO DE MATERIA |
| Término de materia o nombre geográfico como elemento de entrada |
Coahuila |
| Subdivisión general |
Estadísticas. |
| 9 (RLIN) |
23982 |
| 650 14 - PUNTO DE ACCESO ADICIONAL DE MATERIA--TÉRMINO DE MATERIA |
| Término de materia o nombre geográfico como elemento de entrada |
Guerrero |
| Subdivisión general |
Estadísticas. |
| 9 (RLIN) |
51184 |
| 650 14 - PUNTO DE ACCESO ADICIONAL DE MATERIA--TÉRMINO DE MATERIA |
| Término de materia o nombre geográfico como elemento de entrada |
Hidalgo |
| Subdivisión general |
Estadísticas. |
| 9 (RLIN) |
55174 |
| 650 14 - PUNTO DE ACCESO ADICIONAL DE MATERIA--TÉRMINO DE MATERIA |
| Término de materia o nombre geográfico como elemento de entrada |
Michoacán |
| Subdivisión general |
Estadísticas. |
| 9 (RLIN) |
75454 |
| 650 14 - PUNTO DE ACCESO ADICIONAL DE MATERIA--TÉRMINO DE MATERIA |
| Término de materia o nombre geográfico como elemento de entrada |
Nayarit |
| Subdivisión general |
Estadísticas. |
| 9 (RLIN) |
80626 |
| 650 14 - PUNTO DE ACCESO ADICIONAL DE MATERIA--TÉRMINO DE MATERIA |
| Término de materia o nombre geográfico como elemento de entrada |
Tlaxcala |
| Subdivisión general |
Estadísticas. |
| 9 (RLIN) |
113474 |
| 650 14 - PUNTO DE ACCESO ADICIONAL DE MATERIA--TÉRMINO DE MATERIA |
| Término de materia o nombre geográfico como elemento de entrada |
Yucatán |
| Subdivisión general |
Estadísticas. |
| 9 (RLIN) |
123322 |
| 650 14 - PUNTO DE ACCESO ADICIONAL DE MATERIA--TÉRMINO DE MATERIA |
| Término de materia o nombre geográfico como elemento de entrada |
Zacatecas |
| Subdivisión general |
Estadísticas. |
| 9 (RLIN) |
123407 |
| 650 14 - PUNTO DE ACCESO ADICIONAL DE MATERIA--TÉRMINO DE MATERIA |
| Subdivisión general |
Veracruz |
| Término de materia o nombre geográfico como elemento de entrada |
Veracruz. |
| 9 (RLIN) |
175400 |
| 650 14 - PUNTO DE ACCESO ADICIONAL DE MATERIA--TÉRMINO DE MATERIA |
| Subdivisión general |
Veracruz |
| Término de materia o nombre geográfico como elemento de entrada |
Veracruz. |
| 9 (RLIN) |
175400 |
| 901 ## - ELEMENTOS DE DATOS A LOCAL LDA (RLIN) |
| a |
BK |
| 905 ## - ELEMENTOS DE DATOS E LOCAL, LDE (RLIN) |
| a |
Lilia |
| 942 ## - ELEMENTOS DE PUNTO DE ACCESO ADICIONAL (KOHA) |
| Tipo de ítem Koha |
CD |
| 949 ## - PROCESAMIENTO DE INFORMACIÓN LOCAL (OCLC) |
| a |
CD-163 |
| b |
BC |
| c |
CD |
| d |
33724000945499 |
| e |
CD |
| f |
Yuc. |
| i |
101499 |
| s |
b |
| 949 ## - PROCESAMIENTO DE INFORMACIÓN LOCAL (OCLC) |
| a |
CD-163 |
| b |
BC |
| c |
CD |
| d |
33724000945556 |
| e |
CD |
| f |
Mich. |
| i |
101499 |
| s |
b |
| 949 ## - PROCESAMIENTO DE INFORMACIÓN LOCAL (OCLC) |
| a |
CD-163 |
| b |
BC |
| c |
CD |
| d |
33724000945614 |
| e |
CD |
| f |
Camp. |
| i |
101499 |
| s |
b |
| 949 ## - PROCESAMIENTO DE INFORMACIÓN LOCAL (OCLC) |
| a |
CD-163 |
| b |
BC |
| c |
CD |
| d |
33724000945671 |
| e |
CD |
| f |
Ver. |
| i |
101499 |
| s |
b |
| 949 ## - PROCESAMIENTO DE INFORMACIÓN LOCAL (OCLC) |
| a |
CD-163 |
| b |
BC |
| c |
CD |
| d |
33724000945739 |
| e |
CD |
| f |
Nay. |
| i |
101499 |
| s |
b |
| 949 ## - PROCESAMIENTO DE INFORMACIÓN LOCAL (OCLC) |
| a |
CD-163 |
| b |
BC |
| c |
CD |
| d |
33724000945796 |
| e |
CD |
| f |
Tlax, |
| i |
101499 |
| s |
b |
| 949 ## - PROCESAMIENTO DE INFORMACIÓN LOCAL (OCLC) |
| a |
CD-163 |
| b |
BC |
| c |
CD |
| d |
33724000950424 |
| e |
CD |
| f |
Yuc. c.2 |
| i |
101499 |
| s |
b |
| 949 ## - PROCESAMIENTO DE INFORMACIÓN LOCAL (OCLC) |
| a |
CD-163 |
| b |
BC |
| c |
CD |
| d |
33724000950481 |
| e |
CD |
| f |
Dgo. |
| i |
101499 |
| s |
b |
| 949 ## - PROCESAMIENTO DE INFORMACIÓN LOCAL (OCLC) |
| a |
CD-163 |
| b |
BC |
| c |
CD |
| d |
33724000951075 |
| e |
CD |
| f |
Gto. |
| i |
101499 |
| s |
b |
| 949 ## - PROCESAMIENTO DE INFORMACIÓN LOCAL (OCLC) |
| a |
CD-163 |
| b |
BC |
| c |
CD |
| d |
33724000953527 |
| e |
CD |
| f |
Coah. |
| i |
101499 |
| s |
b |
| 949 ## - PROCESAMIENTO DE INFORMACIÓN LOCAL (OCLC) |
| a |
CD-163 |
| b |
BC |
| c |
CD |
| d |
33724000953584 |
| e |
CD |
| f |
Gro. |
| i |
101499 |
| s |
b |
| 949 ## - PROCESAMIENTO DE INFORMACIÓN LOCAL (OCLC) |
| a |
CD-163 |
| b |
BC |
| c |
CD |
| d |
33724000953642 |
| e |
CD |
| f |
Zac. |
| i |
101499 |
| s |
b |
| 949 ## - PROCESAMIENTO DE INFORMACIÓN LOCAL (OCLC) |
| a |
CD-163 |
| b |
BC |
| c |
CD |
| d |
33724000953766 |
| e |
CD |
| f |
Hgo. |
| i |
101499 |
| s |
b |